000 00642nam a2200205Ii 4500
003 JO-AjNU
008 230605s9999||||xx |||||||||||||| ||und||
040 _aJO-AjNU
_bara
_erda
_cJO-AjNU
041 _aara
050 1 4 _aPJ7862.H22.Z78 1971
100 3 _aتأليف النقاش ،رجاء,
_eauthor
_949164
245 0 0 _aأبو القاسم الشابي شاعر الحب والثورة
250 _aط1
264 3 1 _aبيروت: دار القلم،1971
300 _a224ص
336 _atext
_btxt
_2rdacontent
337 _aunmediated
_bn
_2rdamedia
338 _avolume
_bnc
_2rdacarrier
650 4 _aالشعر العربي
_949165
999 _aA21577
_c25145
_d25145